000 00403nam a2200169Ia 4500
008 230524s9999 xx 000 0 und d
020 _a8122408818
082 _a621.382
_bCHA
100 _aRajeswari Chatterjee
245 0 _aAntenna Theroy and Practice
250 _a2ND
260 _aNEW DELHI
_bNAI
_c2004
300 _a381
500 _aQuantity Number: 2
650 _aElectronics
942 _cBK
999 _c4207
_d4207